000 00508nam a2200181Ia 4500
003 GCL
008 140319s9999 xx 000 0 ara d
040 _aGCL /
_cGCL
082 0 4 _a219.8
_bم ر
100 1 _aمحمد بن صالح بن عثيمينى
245 1 0 _aمسالة الحجاب /
_cمحمد بن صالح بن عثيمينى
260 _a[S.N] :
_bمكتبة المعارف
300 _a35
490 _a
650 0 4 _aالمرأة
650 0 4 _aحجاب المراة
942 _2ddc
_cBK
999 _c52752
_d52752